Ethnic labels, latino lives : Identity and the politics of (re)presentation in the United States

In Ethnic Labels, Latino Lives, Suzanne Oboler explores the history and current use of the label "Hispanic" as she explodes the myth of cultural and national homogeneity among people of Latin American descent. She discusses the historical process of labeling groups of individuals, and illu...

Full description

Saved in:
Bibliographic Details
Main Author: Oboler, Suzanne
Format: Book
Language:Undetermined
Published: Minneapolis University of Minnesota Press 1995
Subjects:
Tags: Add Tag
No Tags, Be the first to tag this record!
Institutions: Trung tâm Học liệu Trường Đại học Cần Thơ
LEADER 01090nam a2200229Ia 4500
001 CTU_158563
008 210402s9999 xx 000 0 und d
020 |c 49.95 
082 |a 305.868073 
082 |b O.12 
100 |a Oboler, Suzanne 
245 0 |a Ethnic labels, latino lives : 
245 0 |b Identity and the politics of (re)presentation in the United States 
245 0 |c Suzanne Oboler 
260 |a Minneapolis 
260 |b University of Minnesota Press 
260 |c 1995 
520 |a In Ethnic Labels, Latino Lives, Suzanne Oboler explores the history and current use of the label "Hispanic" as she explodes the myth of cultural and national homogeneity among people of Latin American descent. She discusses the historical process of labeling groups of individuals, and illustrates how ethnic labels affect the meaning of citizenship and the struggle for full social participation in the United States. 
650 |a Hispanic Americans,Hispanic Americans 
650 |x Ethnic identity,Name 
904 |i Giang 
980 |a Trung tâm Học liệu Trường Đại học Cần Thơ